| 000 | 00377nmm a2200145Ia 4500 | ||
|---|---|---|---|
| 008 | 251105s9999||||xx |||||||||||||||||und|| | ||
| 041 | _aspa | ||
| 100 | _aFerrero, Meg | ||
| 245 | 0 | _aEl pecado | |
| 264 |
_a[Madrid, España] : _bEdiciones B, _c2015 |
||
| 300 | _a243 páginas | ||
| 650 | _aRomance | ||
| 856 | _uhttps://public.digitaliapublishing.com/a/53475 | ||
| 942 | _cCF | ||
| 999 |
_c105627 _d105627 |
||